| 000 | 01133cam a2200277 4500 | ||
|---|---|---|---|
| 001 | ##E133329 | ||
| 002 | ##9929 | ||
| 008 | 040406n2006 000 0 eng u | ||
| 020 | _a0954736974 | ||
| 035 | _a(Sirsi) u133329 | ||
| 041 | 0 | _aeng | |
| 050 | 0 | 4 | _a698.1028 $2 18 |
| 245 | 0 | 0 | _aBCIS Wessex painting and decorating estimating price book |
| 250 | _a13th ed. | ||
| 260 |
_aPoole _bBCIS Wessex _c2006 |
||
| 300 |
_av,158p _c19cm. |
||
| 350 | _a25 | ||
| 520 | _aAims to provide a guide to current competitive rates for painting and decorating works. The rates are presented in seven sections covering hourly rates and supply prices of materials, new internal work, new external work, wall coverings, internal redecoration, external redecoration and composite prices. Includes a list of government and trade organisations. | ||
| 520 | _aSupersedes 2005 Wessex painting and decorating estimating handbook (ISBN 0954736923) | ||
| 520 | _aSuperseded by 14th ed. (L137128). | ||
| 590 | _aIKA230506 | ||
| 651 | 4 |
_aUnited Kingdom _y |
|
| 690 | _aBUILT ENVIRONMENT-BUILDING COSTS | ||
| 700 | 1 | _aBarnett, N.P. | |
| 942 | _n0 | ||
| 999 |
_c105383 _d105383 |
||